Mondaq Libyan Arab Jamahiriya

Detalles Bibliográficos
Formato: eBook
Lenguaje:inglés
Publicado: Trp̕oli: Mondaq, 2010
Materias:
Acceso en línea:Acceso restringido

MARC

LEADER 00000nam a22000007a 4500
005 20190516003610.0
007 cr|||| ||||
008 190516s2010 ly |||||s|||| 00||0 eng d
035 |a 5008 
040 |a vLex 
090 |c 8719  |d 8719 
245 0 0 |a Mondaq Libyan Arab Jamahiriya  |h [Recurso electrn̤ico] / 
256 |a Servicio en ln̕ea 
260 |a Trp̕oli:  |b Mondaq,  |c 2010 
300 |a 1 recurso electrn̤ico 
506 1 |a Disponible solo en los productos indicados  |d vLex Global  |d vLex Global (Academic Edition, excluding Law Schools)  |d vLex Global (U.S. Academic Edition, Law Schools)  |d vLex Global (U.S. Academic Edition, excluding Law Schools)  |d vLex Global (Academic Edition, Law Schools) 
650 0 4 |a Derecho Pb︢lico y Administrativo  |z Libia 
740 0 |a vLex Libros (Servicio en ln̕ea) 
856 4 0 |u http://vlex.com/source/5008  |z Acceso restringido 
942 |c BOOK 
999 0 |a Public and Administrative Law